Single-session dialectical behavior therapy skills training versus relaxation training for non-treatment-engaged suicidal adults: a randomized controlled trial (Record no. 300213)
[ view plain ]
| 000 -LEADER | |
|---|---|
| fixed length control field | 00806nam a2200133Ia 4500 |
| 008 - FIXED-LENGTH DATA ELEMENTS--GENERAL INFORMATION | |
| fixed length control field | 160809s9999 xx 000 0 und d |
| 100 ## - MAIN ENTRY--PERSONAL NAME | |
| Personal name | Ward-Ciesielski, Erin F. |
| 245 ## - TITLE STATEMENT | |
| Title | Single-session dialectical behavior therapy skills training versus relaxation training for non-treatment-engaged suicidal adults: a randomized controlled trial |
| 245 ## - TITLE STATEMENT | |
| Statement of responsibility, etc | Erin F. Ward-Ciesielski, Connor B. Jones, Madeline D. Wielgus, Chelsey R. Wilks and Marsha M. Linehan. |
| 260 ## - PUBLICATION, DISTRIBUTION, ETC. (IMPRINT) | |
| Name of publisher, distributor, etc | BMC Psychology |
| 260 ## - PUBLICATION, DISTRIBUTION, ETC. (IMPRINT) | |
| Date of publication, distribution, etc | 24 March 2016 |
| 650 ## - SUBJECT ADDED ENTRY--TOPICAL TERM | |
| General subdivision | PSYCHOLOGY |
| 856 ## - ELECTRONIC LOCATION AND ACCESS | |
| Uniform Resource Identifier | <a href="http://download.springer.com/static/pdf/46/art%253A10.1186%252Fs40359-016-0117-4.pdf?originUrl=http%3A%2F%2Fbmcpsychology.biomedcentral.com%2Farticle%2F10.1186%2Fs40359-016-0117-4&token2=exp=1469411738~acl=%2Fstatic%2Fpdf%2F46%2Fart%25253A10.1186%25252Fs4">http://download.springer.com/static/pdf/46/art%253A10.1186%252Fs40359-016-0117-4.pdf?originUrl=http%3A%2F%2Fbmcpsychology.biomedcentral.com%2Farticle%2F10.1186%2Fs40359-016-0117-4&token2=exp=1469411738~acl=%2Fstatic%2Fpdf%2F46%2Fart%25253A10.1186%25252Fs4</a> |
| Withdrawn status | Lost status | Damaged status | Home library | Current library | Date acquired | Total Checkouts | Date last seen | Price effective from | Koha item type |
|---|---|---|---|---|---|---|---|---|---|
| College Library | College Library | 08/09/2016 | 08/09/2016 | 08/09/2016 | Foreign e-journal articles |